[Event "NOR North-ch"]
[Site "Tromsoe"]
[Date "2013.05.??"]
[Round "6"]
[White "Meyer, Ole"]
[Black "Jaeger, Frode Bull"]
[Result "1/2-1/2"]
[WhiteElo "1852"]
[BlackElo "2051"]
[PlyCount "52"]
[EventDate "2013.05.09"]
[EventType "swiss"]
[EventRounds "6"]
[EventCountry "NOR"]
[SourceTitle "EXT 2024"]
[Source "ChessBase"]
[SourceDate "2023.10.10"]
[SourceVersion "1"]
[SourceVersionDate "2023.10.10"]
[SourceQuality "1"]

1. e4 c5 2. c3 d5 3. exd5 Qxd5 4. d4 Nc6 5. Nf3 Bf5 6. Na3 cxd4 7. cxd4 e6 8. Nb5 Bb4+ 9. Bd2 Bxd2+ 10. Qxd2 Qd7 11. Qf4 Rd8 12. Rd1 Nf6 13. Bc4 0-0 14. 0-0 Nd5 15. Bxd5 Qxd5 16. Nc3 Qd6 17. Qxd6 Rxd6 18. Nb5 Rd5 19. Nc3 Ra5 20. Nh4 Bg6 21. Nxg6 hxg6 22. d5 exd5 23. Rxd5 Rxd5 24. Nxd5 Rd8 25. Rd1 Kf8 26. a3 Ne7 1/2-1/2

[Event "NOR North-ch"]
[Site "Tromsoe"]
[Date "2013.05.??"]
[Round "5"]
[White "Pedersen, Oyvind"]
[Black "Meyer, Ole"]
[Result "1/2-1/2"]
[WhiteElo "1955"]
[BlackElo "1852"]
[PlyCount "70"]
[EventDate "2013.05.09"]
[EventType "swiss"]
[EventRounds "6"]
[EventCountry "NOR"]
[SourceTitle "EXT 2024"]
[Source "ChessBase"]
[SourceDate "2023.10.10"]
[SourceVersion "1"]
[SourceVersionDate "2023.10.10"]
[SourceQuality "1"]

1. e4 c5 2. c3 d5 3. exd5 Qxd5 4. d4 Nf6 5. Nf3 cxd4 6. cxd4 Bg4 7. Be2 e6 8. h3 Bh5 9. 0-0 Be7 10. Nc3 Qd8 11. Ne5 Bxe2 12. Qxe2 Nbd7 13. Bf4 0-0 14. Rac1 Nb6 15. Rfd1 Nbd5 16. Bg5 Rc8 17. Qb5 Nxc3 18. bxc3 Qd5 19. Qxd5 Nxd5 20. Bxe7 Nxe7 21. c4 f6 22. Nd7 Rfd8 23. Nc5 e5 24. Nxb7 Rxd4 25. Rxd4 exd4 26. Kf1 Rc7 27. Nd6 Nc6 28. Re1 h6 29. Rd1 Rd7 30. c5 Re7 31. Rd2 Re5 32. Nb7 Re7 33. Nd6 Re5 34. Nb7 Re7 35. Nd6 Re5 1/2-1/2

[Event "Arctic Chess Challenge"]
[Site "Tromsoe"]
[Date "2009.08.09"]
[Round "9"]
[White "Meyer, Ole"]
[Black "Groetz, Harald"]
[Result "1-0"]
[WhiteElo "1941"]
[BlackElo "2350"]
[PlyCount "185"]
[EventDate "2009.08.01"]
[EventType "swiss"]
[EventRounds "9"]
[EventCountry "NOR"]
[SourceTitle "CBM 131 Extra"]
[Source "ChessBase"]
[SourceDate "2009.09.03"]
[SourceVersion "2"]
[SourceVersionDate "2009.09.16"]
[SourceQuality "1"]

1. e4 c5 2. c3 Nf6 3. e5 Nd5 4. d4 cxd4 5. Nf3 e6 6. cxd4 d6 7. Bb5+ Bd7 8. Bxd7+ Nxd7 9. 0-0 Be7 10. Bd2 0-0 11. Nc3 Nxc3 12. Bxc3 dxe5 13. dxe5 Nb6 14. Qb3 Qd5 15. Nd4 Qxb3 16. Nxb3 Nd5 17. Bd2 Rfd8 18. Rac1 Rd7 19. Nc5 Bxc5 20. Rxc5 h6 21. Rfc1 Kh7 22. g3 Rad8 23. f4 Ne7 24. Be3 Rd3 25. Bf2 Nc6 26. a3 Kg6 27. R5c2 Kf5 28. Kg2 Rb3 29. Re2 a6 30. Rc4 h5 31. Be3 Rdd3 32. Bf2 Rd7 33. Be3 Na5 34. Rc5 b6 35. Rcc2 b5 36. Bd2 Nc4 37. Bc1 Rd4 38. Kf2 a5 39. Be3 Rdd3 40. Bc1 a4 41. Kg1 Rd1+ 42. Kf2 h4 43. gxh4 Rh3 44. Kg2 Rxh4 45. Rc3 Rg4+ 46. Kf2 Rgg1 47. Rec2 Rh1 48. Kf3 g5 49. fxg5 Nxe5+ 50. Kg3 Rhg1+ 51. Kh3 Nd3 52. Be3 Rge1 53. Bd2 Nf2+ 54. Kg2 Re2 55. Rf3+ Ke4 56. Rxf2 Rxf2+ 57. Kxf2 Kd3 58. Rc3+ Kxd2 59. Rc5 b4 60. axb4 Rb1 61. Ra5 Rxb2 62. Rxa4 e5 63. Ra7 Kd3+ 64. Kg3 Rxb4 65. Rxf7 e4 66. Rd7+ Ke2 67. g6 Rb6 68. g7 Rg6+ 69. Kf4 e3 70. Re7 Kf2 71. Rxe3 Rxg7 72. Ra3 Rf7+ 73. Kg5 Rb7 74. Ra5 Kf3 75. h4 Ke4 76. h5 Rb1 77. h6 Rh1 78. Kg6 Kf4 79. Ra6 Rg1+ 80. Kf7 Rh1 81. Kg7 Kf5 82. Ra7 Rg1+ 83. Kf8 Rb1 84. Kf7 Rh1 85. Ra5+ Kf4 86. Ra6 Kf5 87. Rf6+ Ke5 88. Kg7 Rh2 89. Rg6 Ra2 90. h7 Ra7+ 91. Kh6 Ra8 92. Rg8 Ra6+ 93. Kg5 1-0

[Event "Arctic Chess Challenge"]
[Site "Tromsoe"]
[Date "2009.08.07"]
[Round "7"]
[White "Meyer, Ole"]
[Black "Hagen, Anders Gjerdrum"]
[Result "1/2-1/2"]
[WhiteElo "1941"]
[BlackElo "2132"]
[PlyCount "58"]
[EventDate "2009.08.01"]
[EventType "swiss"]
[EventRounds "9"]
[EventCountry "NOR"]
[SourceTitle "CBM 131 Extra"]
[Source "ChessBase"]
[SourceDate "2009.09.03"]
[SourceVersion "2"]
[SourceVersionDate "2009.09.16"]
[SourceQuality "1"]

1. e4 e6 2. d3 c5 3. Nd2 Nc6 4. Ngf3 d6 5. g3 g6 6. Bg2 Bg7 7. 0-0 Nge7 8. Re1 0-0 9. a4 Rb8 10. h4 a6 11. h5 b5 12. axb5 axb5 13. Nf1 b4 14. N1h2 e5 15. Nh4 Be6 16. c3 Qb6 17. Ng4 bxc3 18. bxc3 Qb3 19. Nh6+ Kh8 20. Qd2 Ra8 21. Rxa8 Rxa8 22. hxg6 fxg6 23. c4 Ra2 24. Qe3 Nd4 25. Qg5 Ng8 26. Nxg8 Bxg8 27. Nxg6+ hxg6 28. Qh4+ Bh7 29. Qd8+ Bg8 1/2-1/2

[Event "Arctic Chess Challenge"]
[Site "Tromsoe"]
[Date "2009.08.03"]
[Round "3"]
[White "Meyer, Ole"]
[Black "Lovik, Lasse Ostebo"]
[Result "0-1"]
[WhiteElo "1941"]
[BlackElo "2296"]
[PlyCount "96"]
[EventDate "2009.08.01"]
[EventType "swiss"]
[EventRounds "9"]
[EventCountry "NOR"]
[SourceTitle "CBM 131 Extra"]
[Source "ChessBase"]
[SourceDate "2009.09.03"]
[SourceVersion "2"]
[SourceVersionDate "2009.09.16"]
[SourceQuality "1"]

1. e4 e6 2. d3 d5 3. Nd2 b6 4. Ngf3 Bb7 5. g3 Nd7 6. Bg2 dxe4 7. Nxe4 Ngf6 8. Nxf6+ Nxf6 9. 0-0 Bd6 10. b3 Qe7 11. a4 0-0 12. Bb2 c5 13. Re1 Rfd8 14. Qd2 Rac8 15. Qg5 h6 16. Bxf6 hxg5 17. Bxe7 Bxe7 18. Nd2 Bxg2 19. Kxg2 Bf6 20. Rad1 a6 21. Ne4 Be7 22. f3 f5 23. Nf2 Kf7 24. Re2 Bf6 25. Kf1 b5 26. axb5 axb5 27. c4 b4 28. Ra2 Ra8 29. Rdd2 Be5 30. Kg2 Kf6 31. Kf1 Bd4 32. Nd1 Bc3 33. Nxc3 bxc3 34. Rxa8 cxd2 35. Ra1 Rxd3 36. Ke2 Rxb3 37. Kxd2 Rxf3 38. Ra5 Rf2+ 39. Ke3 Rxh2 40. Rxc5 Rh3 41. Kf2 f4 42. gxf4 gxf4 43. Rc8 g5 44. c5 Kf5 45. c6 Kg4 46. Re8 Rc3 47. Rxe6 Rc2+ 48. Kf1 Kg3 0-1

[Event "Arctic Chess Challenge"]
[Site "Tromsoe"]
[Date "2009.08.01"]
[Round "1"]
[White "Meyer, Ole"]
[Black "Bruno, Fabio"]
[Result "0-1"]
[WhiteElo "1941"]
[BlackElo "2455"]
[PlyCount "62"]
[EventDate "2009.08.01"]
[EventType "swiss"]
[EventRounds "9"]
[EventCountry "NOR"]
[SourceTitle "CBM 131 Extra"]
[Source "ChessBase"]
[SourceDate "2009.09.03"]
[SourceVersion "2"]
[SourceVersionDate "2009.09.16"]
[SourceQuality "1"]

1. e4 c5 2. c3 Nf6 3. e5 Nd5 4. d4 cxd4 5. Nf3 e6 6. cxd4 d6 7. Bb5+ Nd7 8. 0-0 a6 9. Bd3 b6 10. a3 Bb7 11. Re1 dxe5 12. dxe5 Nc5 13. Bc2 b5 14. Nbd2 Nf4 15. b4 Ncd3 16. Bxd3 Nxd3 17. Re3 Qd5 18. Qb3 Rd8 19. Qxd5 Rxd5 20. Nb3 g6 21. Bd2 Bg7 22. Bc3 Bh6 23. Re4 0-0 24. Bd4 Rc8 25. Re2 Rdd8 26. Rd1 Nc1 27. Nxc1 Rxc1 28. Rxc1 Bxc1 29. Re1 Bxa3 30. Bc3 Rc8 31. Bd2 Rc2 0-1

[Event "Tromsoe CC-ch"]
[Site "Tromsoe"]
[Date "2009.??.??"]
[Round "5"]
[White "Pedersen, Oyvind"]
[Black "Meyer, Ole"]
[Result "1-0"]
[WhiteElo "1955"]
[BlackElo "2050"]
[PlyCount "89"]
[EventDate "2009.09.17"]
[EventType "swiss"]
[EventRounds "9"]
[EventCountry "NOR"]
[SourceTitle "EXT 2024"]
[Source "ChessBase"]
[SourceDate "2023.10.10"]
[SourceVersion "1"]
[SourceVersionDate "2023.10.10"]
[SourceQuality "1"]

1. e4 c5 2. c3 d5 3. exd5 Qxd5 4. d4 Nf6 5. Nf3 Nc6 6. Be2 e6 7. Na3 cxd4 8. Nb5 Qd8 9. Nbxd4 Bd7 10. 0-0 Be7 11. Bf4 0-0 12. Re1 Nd5 13. Bg3 Bf6 14. Bc4 Nde7 15. Bd6 a6 16. Nb3 b6 17. Nbd2 Re8 18. Ne4 Nf5 19. Nxf6+ Qxf6 20. Bc7 Qe7 21. Bd3 Nh6 22. Bxb6 Reb8 23. Be3 Rxb2 24. Qc1 Rbb8 25. Bxh6 gxh6 26. Qxh6 f6 27. Re4 f5 28. Rh4 Qg7 29. Rd1 Qxh6 30. Rxh6 Kg7 31. Rh4 Rd8 32. g4 e5 33. Bxf5 Bxf5 34. Rxd8 Rxd8 35. gxf5 Rd3 36. Rc4 Rxf3 37. Rxc6 a5 38. Rc5 Kf6 39. Rxa5 Rxc3 40. a4 Kxf5 41. Ra7 h5 42. Kg2 e4 43. Ra5+ Kg4 44. Re5 Rc4 45. Rxe4+ 1-0

[Event "Tromsoe CC-ch"]
[Site "Tromsoe"]
[Date "2009.??.??"]
[Round "2"]
[White "Romsdal, Trond"]
[Black "Meyer, Ole"]
[Result "1-0"]
[WhiteElo "2107"]
[BlackElo "2050"]
[PlyCount "55"]
[EventDate "2009.09.17"]
[EventType "swiss"]
[EventRounds "9"]
[EventCountry "NOR"]
[SourceTitle "EXT 2024"]
[Source "ChessBase"]
[SourceDate "2023.10.10"]
[SourceVersion "1"]
[SourceVersionDate "2023.10.10"]
[SourceQuality "1"]

1. d4 Nf6 2. c4 Nc6 3. Nf3 e6 4. g3 Bb4+ 5. Nbd2 0-0 6. Bg2 d6 7. 0-0 Bxd2 8. Qxd2 e5 9. dxe5 dxe5 10. Rd1 Qxd2 11. Bxd2 Bf5 12. Bc3 Nd7 13. Rd2 Rad8 14. Rad1 f6 15. Nh4 Be6 16. Bxc6 bxc6 17. b3 Rb8 18. Rxd7 Bxd7 19. Rxd7 Rf7 20. Rd2 Kf8 21. Kf1 Ke8 22. Ke1 Rd7 23. Nf3 g6 24. e4 Rxd2 25. Kxd2 Ke7 26. Ne1 Kd6 27. Nd3 c5 28. Bb2 1-0

[Event "Bergen Hordaland op"]
[Site "Bergen"]
[Date "2008.04.05"]
[Round "4"]
[White "Meyer, Ole"]
[Black "Aadland, Hans Joachim"]
[Result "1-0"]
[WhiteElo "1750"]
[BlackElo "1323"]
[PlyCount "52"]
[EventDate "2008.04.04"]
[EventType "swiss"]
[EventRounds "5"]
[EventCountry "NOR"]
[SourceTitle "EXT 2010"]
[Source "ChessBase"]
[SourceDate "2010.11.25"]
[SourceVersion "1"]
[SourceVersionDate "2010.11.25"]
[SourceQuality "1"]

1. e4 e5 2. Nf3 Nc6 3. Bb5 a6 4. Ba4 Bd6 5. c3 Nge7 6. 0-0 b5 7. Bb3 Na5 8. Bc2 Nc4 9. d3 Nb6 10. d4 Ng6 11. Re1 0-0 12. dxe5 Nxe5 13. Nxe5 Bxe5 14. f4 Bf6 15. e5 Be7 16. Qh5 h6 17. Kh1 Bb7 18. Re3 Bh4 19. Rh3 Bf2 20. f5 Qe7 21. Bxh6 Qxe5 22. Be3 f6 23. Qh7+ Kf7 24. Qg6+ Ke7 25. Bxf2 Kd8 26. Re3 Qd5 1-0

[Event "Bergen Hordaland op"]
[Site "Bergen"]
[Date "2008.04.05"]
[Round "3"]
[White "Strand, Oyvin"]
[Black "Meyer, Ole"]
[Result "1/2-1/2"]
[WhiteElo "1729"]
[BlackElo "1750"]
[PlyCount "154"]
[EventDate "2008.04.04"]
[EventType "swiss"]
[EventRounds "5"]
[EventCountry "NOR"]
[SourceTitle "EXT 2010"]
[Source "ChessBase"]
[SourceDate "2010.11.25"]
[SourceVersion "1"]
[SourceVersionDate "2010.11.25"]
[SourceQuality "1"]

1. d4 Nf6 2. e3 Nc6 3. Nf3 e6 4. Bd3 Bb4+ 5. Bd2 Bxd2+ 6. Nbxd2 d6 7. c4 e5 8. d5 Ne7 9. Qc2 0-0 10. 0-0 Ng6 11. Bf5 Re8 12. Rae1 Bxf5 13. Qxf5 e4 14. Nd4 Re5 15. Qh3 Rh5 16. Qg3 Qd7 17. f4 Re8 18. b3 Rh4 19. f5 Rg4 20. Qh3 Ne5 21. Re2 c6 22. dxc6 bxc6 23. g3 c5 24. Nc2 d5 25. cxd5 Qxd5 26. Qg2 Rg5 27. Ne1 h5 28. Rf4 Nd3 29. Nxd3 Qxd3 30. Nc4 Qd1+ 31. Rf1 Qd7 32. Rd2 Qc6 33. Nd6 Rd8 34. Nxe4 Rxd2 35. Nxd2 Qd7 36. Qa8+ Kh7 37. Ne4 Rxf5 38. Nxf6+ Rxf6 39. Rxf6 gxf6 40. Qe4+ f5 41. Qc2 Qd5 42. Qg2 Qe5 43. Qf2 Kg6 44. h3 Qe4 45. Qd2 Qe5 46. Kg2 Qe4+ 47. Kg1 Qe6 48. Kg2 c4 49. bxc4 Qe4+ 50. Kg1 Qxc4 51. Qd6+ Qe6 52. Qxe6+ fxe6 53. Kf2 Kf6 54. Kf3 Ke5 55. a3 a6 56. a4 a5 57. h4 Kf6 58. e4 e5 59. Ke3 fxe4 60. Kxe4 Ke6 61. g4 hxg4 62. h5 g3 63. Kf3 g2 64. Kxg2 Kf6 65. Kf3 Kg5 66. Ke4 Kxh5 67. Kxe5 Kg5 68. Kd5 Kf5 69. Kc5 Ke5 70. Kb5 Kd6 71. Kxa5 Kc5 72. Ka6 Kc6 73. a5 Kc7 74. Ka7 Kc6 75. a6 Kc7 76. Ka8 Kb6 77. a7 Kc7 1/2-1/2

[Event "GER-chT U16"]
[Site "Bendorf"]
[Date "2006.12.30"]
[Round "7"]
[White "Hofmann, Benjamin"]
[Black "Meyer, Ole"]
[Result "1/2-1/2"]
[WhiteElo "1995"]
[BlackElo "1954"]
[PlyCount "70"]
[EventDate "2006.12.27"]
[EventType "team-swiss"]
[EventRounds "7"]
[EventCountry "GER"]
[SourceTitle "EXT 2008"]
[Source "ChessBase"]
[SourceDate "2007.11.25"]
[SourceVersion "1"]
[SourceVersionDate "2007.11.25"]
[SourceQuality "1"]
[WhiteTeam "Grossenseebach"]
[BlackTeam "Hamburg Koenigsspringer"]
[WhiteTeamCountry "GER"]
[BlackTeamCountry "GER"]

1. e4 c5 2. Nc3 Nc6 3. d3 e6 4. Nf3 Nge7 5. Be3 b6 6. Be2 d5 7. exd5 Nxd5 8. Nxd5 exd5 9. d4 c4 10. Qd2 Be7 11. 0-0 0-0 12. Ne5 Nxe5 13. dxe5 Bb7 14. Rad1 Qc7 15. Bd4 Bc5 16. Bf3 Bxd4 17. Qxd4 Rad8 18. Rfe1 Rfe8 19. c3 Rd7 20. Re2 Qc5 21. Qf4 Rde7 22. Rde1 Bc8 23. Rd2 Be6 24. Red1 Rd8 25. Rd4 Red7 26. h3 Qe7 27. a3 b5 28. Qe3 a5 29. Kh2 h6 30. g3 Qg5 31. Qe2 Qe7 32. Bg2 Qc5 33. Qd2 Kh7 34. f4 h5 35. Qe2 g6 1/2-1/2

[Event "GER-chT U16"]
[Site "Bendorf"]
[Date "2006.12.27"]
[Round "2"]
[White "Pokorny, Fabian"]
[Black "Meyer, Ole"]
[Result "1-0"]
[WhiteElo "1768"]
[BlackElo "1954"]
[PlyCount "129"]
[EventDate "2006.12.27"]
[EventType "team-swiss"]
[EventRounds "7"]
[EventCountry "GER"]
[SourceTitle "EXT 2008"]
[Source "ChessBase"]
[SourceDate "2007.11.25"]
[SourceVersion "1"]
[SourceVersionDate "2007.11.25"]
[SourceQuality "1"]
[WhiteTeam "Kelheim"]
[BlackTeam "Hamburg Koenigsspringer"]
[WhiteTeamCountry "GER"]
[BlackTeamCountry "GER"]

1. e4 c5 2. Nf3 d6 3. d4 cxd4 4. Nxd4 Nf6 5. Nc3 a6 6. Be3 e5 7. Nb3 Be6 8. f3 Be7 9. Qd2 Qc7 10. 0-0-0 Nbd7 11. Be2 b5 12. Nd5 Nxd5 13. exd5 Bf5 14. Bd3 Bxd3 15. Qxd3 Rc8 16. Rhe1 a5 17. Re2 a4 18. Na1 b4 19. Rde1 0-0 20. Qe4 Nf6 21. Qxb4 Nxd5 22. Qd2 Nxe3 23. Qxe3 h6 24. g3 Qc4 25. b3 Qb4 26. Kb1 a3 27. Qd2 Qb6 28. f4 Bf6 29. c4 Rxc4 30. Rc1 Rfc8 31. Rxc4 Rxc4 32. Nc2 e4 33. Nxa3 Rd4 34. Qc2 Qc5 35. Qxc5 dxc5 36. Nc4 Rd1+ 37. Kc2 Ra1 38. a4 Ra2+ 39. Kd1 Rxe2 40. Kxe2 Bd8 41. a5 Bc7 42. a6 Bb8 43. Ne5 Ba7 44. Nc6 Bb6 45. a7 Bxa7 46. Nxa7 f5 47. Ke3 Kf7 48. Nb5 Ke6 49. Nc3 Kd6 50. g4 g6 51. gxf5 gxf5 52. h4 Ke6 53. h5 Kd6 54. Nxe4+ fxe4 55. Kxe4 Ke6 56. f5+ Kd6 57. f6 Ke6 58. f7 Kxf7 59. Kf5 Ke7 60. Kg6 Ke6 61. Kxh6 Kf6 62. Kh7 Kf7 63. h6 Kf8 64. Kg6 Kg8 65. Kf6 1-0

[Event "Hamburg State-ch U16"]
[Site "Cuxhaven"]
[Date "2005.03.16"]
[Round "6"]
[White "Kuehn, Daniel"]
[Black "Meyer, Ole"]
[Result "1-0"]
[WhiteElo "1511"]
[BlackElo "1496"]
[PlyCount "65"]
[EventDate "2005.03.12"]
[EventType "swiss"]
[EventRounds "9"]
[EventCountry "GER"]
[SourceTitle "EXT 2007"]
[Source "ChessBase"]
[SourceDate "2006.11.23"]
[SourceVersion "1"]
[SourceVersionDate "2006.11.23"]
[SourceQuality "1"]

1. e4 c5 2. Nf3 d6 3. d4 cxd4 4. Nxd4 Nf6 5. Nc3 g6 6. Be3 Bg7 7. f3 0-0 8. Bc4 Nc6 9. Qd2 Bd7 10. 0-0-0 Rc8 11. Bb3 Ne5 12. Kb1 Nc4 13. Bxc4 Rxc4 14. h4 Qb8 15. h5 Rfc8 16. Nde2 b5 17. hxg6 fxg6 18. Rc1 Be8 19. Nd5 Nxd5 20. exd5 Bf7 21. Nf4 b4 22. Ne6 Bxe6 23. dxe6 a5 24. Bh6 Bh8 25. b3 Rd4 26. Qf2 Qc7 27. Bd2 Rd5 28. g4 Qc5 29. Qh4 h5 30. gxh5 Rxh5 31. Qxe7 Qf5 32. Rxh5 gxh5 33. Rg1+ 1-0